Нотный альбом: Ноты. Произведения для фортепиано, ансамбля (Запись № 13740655)
[ простой вид ]
| 000 -МАРКЕР | |
|---|---|
| контрольное поле | 07353ncm2a2200517 4500 |
| 001 - ИДЕНТИФИКАТОР ЗАПИСИ | |
| контрольное поле | RU\NLR\ONIZ\226352 |
| 005 - ИДЕНТИФИКАТОР ВЕРСИИ | |
| контрольное поле | 20260628190708.0 |
| 035 ## - ДРУГИЕ СИСТЕМНЫЕ НОМЕРА | |
| Идентификатор записи | (NLR Aleph) 012672642 |
| 100 ## - ДАННЫЕ ОБЩЕЙ ОБРАБОТКИ | |
| Данные общей обработки | 20190415d2011 |||y0rusy50 ca |
| 101 0# - ЯЗЫК РЕСУРСА | |
| Язык текста, звукозаписи и т.д. | русский |
| 145 0# - ПОЛЕ КОДИРОВАННЫХ ДАННЫХ: СРЕДСТВО ИСПОЛНЕНИЯ МУЗЫКАЛЬНОГО ПРОИЗВЕДЕНИЯ (УСТАРЕВШЕЕ) | |
| Тип средства исполнения | b |
| 200 1# - ЗАГЛАВИЕ И СВЕДЕНИЯ ОБ ОТВЕТСТВЕННОСТИ | |
| Основное заглавие | Произведения для фортепиано, ансамбля |
| Первые сведения об ответственности | гл. ред. О. И. Макаров ; ред.: М. А. Моисеева, И. М. Северина |
| Последующие сведения об ответственности | материалы из личного архива профессора Т. Г. Самхарадзе |
| 210 ## - ПУБЛИКАЦИЯ, РАСПРОСТРАНЕНИЕ И ДР. | |
| Дата издания, распространения и т.д. | 2011 |
| 215 ## - ФИЗИЧЕСКАЯ ХАРАКТЕРИСТИКА | |
| Специфическое обозначение материала и объем | 64 с. |
| 225 1# - СЕРИЯ | |
| Основное заглавие серии | Нотный альбом |
| Наименование части | 2011 |
| Обозначение тома | № 2 |
| 313 ## - ПРИМЕЧАНИЯ, ОТНОСЯЩИЕСЯ К ТЕМАТИЧЕСКОМУ ДОСТУПУ | |
| Текст примечания | Систематизация документа проведена по изданию - Методика классифицирования музыкальных произведений (нотных изданий) по таблицам Библиотечно-библиографических классификаций : метод. рекомендации / Гос. б-ка СССР им. В.И. Ленина.- М., 1977. Индексу ББК методических рекомендаций присваивается код ББК для научных библиотек - LBC/SL |
| 327 1# - ПРИМЕЧАНИЯ О СОДЕРЖАНИИ | |
| Текст примечания | 1. Аннет и Любина : гавот : [для фп.] : [op.79] / А. Дюран. |
| -- | 2. Романс без слов : [для фп.] / Ф. Томе. |
| -- | 3. Полонез : [для фп.] / К. Шарвенка. |
| -- | 4. Дружеская пьеса : [для фп.] / Х. Шульц-Эвлер. |
| -- | 5. Буря на Волге : музыкальная картина : [для фп.] / А. Оппель. |
| -- | 6. Эстудиантина : вальс : [для фп.] / Э. Вальдтейфель. |
| -- | 7. Этюды : из сборника "50 характерных и прогрессивных этюдов" : [№ 32-34, 41, 42, 44, 48-50 : для фп.] / А. Лемуан. |
| -- | 8. Фантазия : на темы русских народных песен : для двух баянов / В. Дитель |
| 461 #0 - УРОВЕНЬ НАБОРА | |
| Встроенное поле | 001RU\NLR\ONIZ\219658 |
| -- | 2001#$aНотный альбом$bНоты$fгл. ред. В. О. Усачёва$v |
| Системный номер (АБИС) связанной записи | 12166111 |
| Место публикации | Москва |
| Дата публикации | 2001- |
| Первые сведения об ответственности | гл. ред. В. О. Усачёва |
| Имя издателя, распространителя и т.д. | Научтехлитиздат |
| Заглавие | Нотный альбом: Ноты |
| 462 #0 - УРОВЕНЬ ПОДНАБОРА | |
| Встроенное поле | 001RU\NLR\ONIZ\226346 |
| -- | 2001#$aНотный альбом. 2011$v№ 2 |
| Системный номер (АБИС) связанной записи | 11398926 |
| Дата публикации | 2011 |
| Заглавие | Нотный альбом: Ноты. - Нотный альбом. 2011 |
| ISSN | 2072-9987 |
| Номер тома | № 2 |
| 464 #0 - АНАЛИТИЧЕСКИЙ УРОВЕНЬ | |
| Встроенное поле | 2001#$aАннет и Любина$eгавот$e[для фп.]$e[op.79]$fА. Дюран |
| -- | 215##$aС.2-3 |
| -- | 608##$aТанец (инструментальный)$xНоты$2nlr_sh |
| -- | 686##$aЩ954.2-058.55(4Фр)$vLBC/SL$2rubbk |
| -- | 700#1$9z01790$aДюран$bО.$gОгюст$f1830-1909$4230$7ca |
| -- | 790#1$9z01700$aDurand$bA.$gAugust$f1830-1909$4230$7ba |
| Заглавие | Аннет и Любина |
| Автор | Дюран, Огюст (1830-1909) |
| 464 #0 - АНАЛИТИЧЕСКИЙ УРОВЕНЬ | |
| Встроенное поле | 2001#$aРоманс без слов$e[для фп.]$fФ. Томе |
| -- | 215##$aС.4-6 |
| -- | 608##$xНоты$aРоманс (инструментальный)$2nlr_sh |
| -- | 686##$aЩ954.2-058.3(3)$vLBC/SL$2rubbk |
| -- | 700#1$9z01790$aТоме$bФ.$gФрансис$f1850-1909$4230$7ca |
| -- | 790#1$9z01700$aThomé$bF.$gFrancis$4230$7ba |
| Заглавие | Романс без слов |
| Автор | Томе, Франсис (1850-1909) |
| 464 #0 - АНАЛИТИЧЕСКИЙ УРОВЕНЬ | |
| Встроенное поле | 2001#$aПолонез$e[для фп.]$fК. Шарвенка |
| -- | 215##$aС.7-10 |
| -- | 608##$aПолонез для фортепиано$xНоты$2nlr_sh |
| -- | 686##$aЩ954.2-058.55(4Г)$vLBC/SL$2rubbk |
| -- | 700#1$9z01790$aШарвенка$bФ. К.$gФранц Ксавер$f1850-1924$4230$7ca |
| -- | 790#1$9z01700$aŠarvenka$bF. K.$gFranc Ksaver$f1850-1924$4230$7ba |
| Заглавие | Полонез |
| Автор | Шарвенка, Франц Ксавер (1850-1924) |
| 464 #0 - АНАЛИТИЧЕСКИЙ УРОВЕНЬ | |
| Встроенное поле | 2001#$aДружеская пьеса$e[для фп.]$fХ. Шульц-Эвлер |
| -- | 215##$aС.11-17 |
| -- | 608##$aПьесы (фортепиано)$xНоты$2nlr_sh |
| -- | 686##$aЩ954.2-058.9(4П)$vLBC/SL$2rubbk |
| -- | 700#1$9z01790$aШульц-Эвлер$bА. (Э.)$gАдольф (Эндрю)$f1854-1905$4230$7ca |
| -- | 790#1$9z01700$aSchulz-Evler$bA. A.$gAdolf Andrzej$f1854-1905$4230$7ba |
| Заглавие | Дружеская пьеса |
| Автор | Шульц-Эвлер, Адольф (Эндрю) (1854-1905) |
| 464 #0 - АНАЛИТИЧЕСКИЙ УРОВЕНЬ | |
| Встроенное поле | 2001#$aБуря на Волге$eмузыкальная картина$e[для фп.]$fА. Оппель |
| -- | 215##$aС.18-24 |
| -- | 608##$aПьесы (фортепиано)$xНоты$2nlr_sh |
| -- | 686##$aЩ954.2-058.1$vLBC/SL$2rubbk |
| -- | 700#1$9z01790$aОппель$bА. А.$gАндрей Алексеевич$cкомпозитор$f1843-1888$4230$7ca |
| -- | 790#1$9z01700$aOppel`$bA. A.$gAndrej Alekseevič$ccomposer$f1843-1888$4230$7ba |
| Заглавие | Буря на Волге |
| Автор | Оппель, Андрей Алексеевич (композитор ; 1843-1888) |
| 464 #0 - АНАЛИТИЧЕСКИЙ УРОВЕНЬ | |
| Встроенное поле | 2001#$aЭстудиантина$eвальс$e[для фп.]$fЭ. Вальдтейфель |
| -- | 215##$aС.25-32 |
| -- | 608##$xНоты$aВальс (фортепиано)$2nlr_sh |
| -- | 686##$aЩ954.2-058.55(4Фр)$vLBC/SL$2rubbk |
| -- | 700#1$9z03790$aВальдтейфель$bЭ.$gЭмиль$f1837-1915$4230$7ca |
| -- | 790#1$9z03700$aWaldteufel$bÉ.$gÉmile$f1837-1915$4230$7ba |
| Заглавие | Эстудиантина |
| Автор | Вальдтейфель, Эмиль (1837-1915) |
| 464 #0 - АНАЛИТИЧЕСКИЙ УРОВЕНЬ | |
| Встроенное поле | 2001#$aЭтюды$eиз сборника "50 характерных и прогрессивных этюдов"$e[№ 32-34, 41, 42, 44, 48-50$eдля фп.]$fА. Лемуан |
| -- | 215##$aС.33-43 |
| -- | 608##$aЭтюды (для фортепиано)$xНоты$2nlr_sh |
| -- | 686##$aЩ954.294(4Фр)$vLBC/SL$2rubbk |
| -- | 700#1$9z01790$aЛемуан$bА.$gАнри$f1786-1864$4230$7ca |
| -- | 790#1$9z01700$aLemoine$bH.$gHenry$f1786-1864$4230$7ba |
| Заглавие | Этюды |
| Автор | Лемуан, Анри (1786-1864) |
| 464 #0 - АНАЛИТИЧЕСКИЙ УРОВЕНЬ | |
| Встроенное поле | 2001#$aФантазия$eна темы русских народных песен$eдля двух баянов$fВ. Дитель |
| -- | 215##$aС.44-64 |
| -- | 608##$aФантазия инструментальная$xНоты$yРоссия$z20-21 вв.$2nlr_sh |
| -- | 686##$aЩ952.456.9-052(2Р=Р)$vLBC/SL$2rubbk |
| -- | 700#1$9z01790$aДитель$bВ. А.$gВладимир Александрович$f1907-1979$4230$7ca |
| -- | 790#1$9z01700$aDitel`$bV. A.$gVladimir Aleksandrovič$f1907-1979$4230$7ba |
| Заглавие | Фантазия |
| Автор | Дитель, Владимир Александрович (1907-1979) |
| 702 #1 - ИМЯ ЛИЦА - ВТОРИЧНАЯ ОТВЕТСТВЕННОСТЬ | |
| Связь между полями | z04790 |
| Начальный элемент ввода | Макаров |
| Часть имени, кроме начального элемента ввода | О. И. |
| Даты | 2-я пол. 20 - нач. 21 в. |
| Расширение инициалов личного имени | Олег Игоревич |
| Код отношения | Редактор |
| Графика поля | Кириллица |
| 702 #1 - ИМЯ ЛИЦА - ВТОРИЧНАЯ ОТВЕТСТВЕННОСТЬ | |
| Связь между полями | z05790 |
| Начальный элемент ввода | Моисеева |
| Часть имени, кроме начального элемента ввода | М. А. |
| Даты | 2-я пол. 20 - нач. 21 в. |
| Расширение инициалов личного имени | Мария Александровна |
| Код отношения | Редактор |
| Графика поля | Кириллица |
| 702 #1 - ИМЯ ЛИЦА - ВТОРИЧНАЯ ОТВЕТСТВЕННОСТЬ | |
| Связь между полями | z06790 |
| Начальный элемент ввода | Северина |
| Часть имени, кроме начального элемента ввода | И. М. |
| Код отношения | Редактор |
| 702 #1 - ИМЯ ЛИЦА - ВТОРИЧНАЯ ОТВЕТСТВЕННОСТЬ | |
| Связь между полями | z07790 |
| Начальный элемент ввода | Самхарадзе |
| Часть имени, кроме начального элемента ввода | Т. Г. |
| Расширение инициалов личного имени | Тамази Георгиевич |
| Код отношения | Прочие |
| 790 #1 - ИМЯ ЛИЦА - АЛЬТЕРНАТИВНАЯ ФОРМА | |
| Связь между полями | z04702 |
| Начальный элемент ввода | Makarov |
| Часть имени, кроме начального элемента ввода | O. I. |
| Даты | 2-я пол. 20 - нач. 21 в. |
| Расширение инициалов личного имени | Oleg Igorevič |
| Код отношения | Редактор |
| Графика поля | Латинская |
| 790 #1 - ИМЯ ЛИЦА - АЛЬТЕРНАТИВНАЯ ФОРМА | |
| Связь между полями | z05702 |
| Начальный элемент ввода | Moiseeva |
| Часть имени, кроме начального элемента ввода | M. A. |
| Даты | 2-я пол. 20 - нач. 21 в. |
| Расширение инициалов личного имени | Marija Aleksandrovna |
| Код отношения | Редактор |
| Графика поля | Латинская |
| 790 #1 - ИМЯ ЛИЦА - АЛЬТЕРНАТИВНАЯ ФОРМА | |
| Связь между полями | z06702 |
| Начальный элемент ввода | Severina |
| Часть имени, кроме начального элемента ввода | I. M. |
| Код отношения | Редактор |
| Графика поля | Латинская |
| 790 #1 - ИМЯ ЛИЦА - АЛЬТЕРНАТИВНАЯ ФОРМА | |
| Связь между полями | z07702 |
| Начальный элемент ввода | Самхарадзе |
| Часть имени, кроме начального элемента ввода | Т. Г. |
| Расширение инициалов личного имени | Тамаз Георгиевич |
| Код отношения | Прочие |
| Графика поля | Кириллица |
| 801 #0 - ИСТОЧНИК ЗАПИСИ | |
| Страна | Российская Федерация |
| Организация | NLR |
| Дата составления | 20190416 |
| Правила каталогизации | PSBO |
| 801 #1 - ИСТОЧНИК ЗАПИСИ | |
| Страна | Российская Федерация |
| Организация | NLR |
| Дата составления | 20190416 |
| Источник данных | rusmarc |
| 801 #2 - ИСТОЧНИК ЗАПИСИ | |
| Страна | Российская Федерация |
| Организация | NLR |
| Дата составления | 20230516 |
| 852 ## - МЕСТОНАХОЖДЕНИЕ И ШИФР ХРАНЕНИЯ | |
| Идентификатор организации | NLR |
| Шифр хранения (Call Number) | М К-3/25904(2)а |
| Идентификатор единицы | 279218 |
| Номер экземпляра | 2 |
| 852 ## - МЕСТОНАХОЖДЕНИЕ И ШИФР ХРАНЕНИЯ | |
| Идентификатор организации | NLR |
| Шифр хранения (Call Number) | М К-3/25904(2) |
| Идентификатор единицы | 279217 |
| Номер экземпляра | 1 |
| 942 ## - ДОПОЛНИТЕЛЬНЫЕ ЭЛЕМЕНТЫ ЗАПИСИ (АБИС) | |
| Тип экземпляра АБИС | Выпуск |
| 980 ## - КОЛЛЕКЦИЯ | |
| Название коллекции | Отдел нот и звукозаписей |
| 980 ## - КОЛЛЕКЦИЯ | |
| Название коллекции | Национальная библиография |
Нет доступных экземпляров.